000 00518cam a2200181ua 4500
001 12274
008 200825n ii |||gr||||Z||||||asm
020 _a9789324404152
040 _cMAIN
082 _a954.162
100 _aJoyshree Goswami Mahanta,
_eEditor.,
245 _aAsom andolan :
_bYugamia cintar ek pratifalan volume I /
_cEd by Joyshree Goswami Mahanta .
250 _a2nd ed. /
_bV.I.
260 _aGuwahati:
_bChandra prakash,
_c2015.
300 _a263p.
653 _aSouth Asia India
942 _cBK
999 _c11031
_d11031